000 00531nam a22001817a 4500
003 OSt
082 _a664
_bANJ/DE
100 _aAnjali Palakkeel
_94729
100 _aAnjana Narayanan
_94730
100 _aAparna Suresh
_94731
100 _aJaseera Nasrin
_94732
100 _aSanjay, P
_94733
245 _aDevelopment and performance evaluation of a cocoa bean sheller cum winnower
260 _aTavanur
_bDepartment of Processing and Food Engineering
_c2020
700 _aRajesh, G. K
700 _aNithya, C
_94734
942 _cPR
999 _c16320
_d16320